|
|
|
|
| LEADER |
00939nam a2200241 a 4500 |
| 001 |
7007 |
| 008 |
130609s1993 xxua b 000 0 eng d |
| 020 |
|
|
|a 1882839102 (bbk.)
|
| 082 |
0 |
0 |
|a 362.1
|
| 100 |
1 |
|
|a Hilton, Martine
|
| 245 |
1 |
0 |
|a Planning and assessing health worker activities :
|b module 3 facilitator's guide /
|c Martine Hilton.
|
| 260 |
|
|
|a Washington DC. :
|b Aga Khan Foundation,
|c 1993.
|
| 300 |
|
|
|a 84 p. :
|b ill. ;
|c 22 cm.
|
| 490 |
0 |
|
|a Primary Health Care Management Advancement Programme.
|
| 500 |
|
|
|a Send to Single Search
|
| 504 |
|
|
|a Includes bibliographical references.
|
| 541 |
|
|
|e 7007
|
| 650 |
|
0 |
|a Primary Health Care
|x Planning
|
| 650 |
|
0 |
|a Health Manpower Activities
|
| 650 |
|
0 |
|a Primary Health Care
|
| 852 |
1 |
|
|a Ayesha Abed Library
|j General shelf.
|
| 999 |
|
|
|c 13552
|d 13552
|
| 952 |
|
|
|0 0
|1 0
|4 0
|6 362_100000000000000_HIL
|7 0
|9 22648
|a BRACUL
|b BRACUL
|c GEN
|d 2013-06-09
|l 0
|o 362.1 HIL
|p 3010007007
|r 2013-06-09
|t 1
|w 2013-06-09
|y BK
|